000
00275 a2200121 4500
020
_a
8181310985
040
_b
ENG
082
_a
030.1(03) BRI
245
_a
Britanica Ready Reference Encyclopedia
260
_b
Encyclopedia Britanica,Inc.
300
_a
Vol 1to10
942
_c
REF
999
_c
4965
_d
4960